Responses for Show #3724 - Thursday, November 9, 2000

2000-B College Championship quarterfinal game 2.
From the University of Washington in Seattle.

Contestants

[<< previous game]

Jordan Kovnot, a freshman at Dartmouth College from Holland, Pennsylvania

Genevieve Romeo, a junior at Ursinus College from Yonkers, New York

Jim Giesen, a junior at the University of Washington from Spokane, Washington

[next game >>]

Jeopardy! Round responses

AD PEOPLE
STATE CAPITALS
WEIGHTS & MEASURES
DEBT
WHAT'S THE FREQUENCY?
(Alex: Literally, how often does something happen.)
RHYMES WITH RAIN
    $100 16
"Whassup?"

Jordan
    $100 1
Tallahassee

Jordan
    $100 11
Gigabytes

Genevieve
    $100 26
Repossess/repossession

Jordan
    $100 4
(G: What is once a year?)

Once every 4 years

JimGenevieve
    $100 6
Dane

Jordan
    $200 17
Bugs Bunny

Jordan
    $200 2
Santa Fe, New Mexico

Jordan
    $200 12
Liter

Genevieve
    $200 27
Debit

Genevieve
    $200 5
Once a year

Genevieve
    $200 7
Maine

Genevieve
    $300 18
Michael J. Fox

Jordan
    $300 3
Springfield, Illinois

Jim
    $300 13
Ohm

Genevieve
    $300 28
Stafford loans

Genevieve
    $300 23
(Jordan: What is twice a year?)

Every 2 years

JimJordan
    $300 8
Crane

Jordan
    $400 19
Mr. Whipple

Triple Stumper
    $400 21
Hartford

Jordan
    $400 14
Mil

Genevieve
    $1,000 29
(G: What is clemency?)

Grace period

Genevieve
    $400 24
(Alex: Just like quiz show hosts!)

Once every 7 years

Triple Stumper
    $400 9
Wane

Genevieve
    $500 20
Emeril Lagasse

Jordan
    $500 22
Little Rock, Arkansas

Jim
    $500 15
Avoirdupois

Triple Stumper
    $500 30
Forgive

Jim
    $500 25
(Jordan: What is once every thousand years?)

Every 25 years

Jordan
Triple Stumper
    $500 10
Feign

Genevieve

Scores at the first commercial break (after clue 15):

Jim Genevieve Jordan
$400 $2,200 $700

Scores at the end of the Jeopardy! Round:

Jim Genevieve Jordan
$1,700 $1,700 $1,500

Double Jeopardy! Round responses

B.C. PEOPLE
COLLEGE MOVIES
SHORT FICTION
A PASSION FOR FASHION
MUSIC APPRECIATION
OXFORD CHITCHAT
    $200 16
Cleopatra

Genevieve
    $200 1
Neve Campbell

Jordan
    $200 11
Lake Wobegon

Jim
    $200 26
Bomber jacket

Jordan
    $200 5
Boston

Jordan
    $200 21
Fellows

Jordan
    $400 17
(Jordan: What is a senator?)

Lawyer

JimJordan
    $400 2
Janet Jackson

Jordan
    $400 12
Stephen King

Jordan
    $400 27
Tommy Hilfiger

Jordan
    $400 7
(Jordan: What is "Hallelujah?")

"Ave Maria"

JimJordan
    $400 22
Don

Genevieve
    $600 18
Hannibal

Genevieve
    $600 3
Notre Dame

Jim
    $500 13
A River Runs Through It

Jordan
    $600 28
Capri pants

Genevieve
    $600 8
(Jim: What is bass?)
(Alex: Yes, but we were going for the Italian term.)

Basso

Jim
Triple Stumper
    $600 23
Gown

Genevieve
    $800 19
Samos

Triple Stumper
    $800 4
Matthew Broderick

Jim
    $800 14
Ernest Hemingway

Triple Stumper
    $800 29
Abercrombie & Fitch

Genevieve
    $800 9
Yo-Yo Ma

Jordan
    $800 24
Matriculate

Triple Stumper
    $1000 20
(Jim: What is Damascus?)

Nineveh

Jim
Triple Stumper
    $1000 6
Mena Suvari

Triple Stumper
    $1000 15
Russell Banks

Triple Stumper
    $1000 30
Spandex

Genevieve
    $1000 10
Giuseppe Verdi

Triple Stumper
    $500 25
(we have a minute to go, Genevieve...)

Bod (for the Bodleian Library)

Genevieve

Scores at the end of the Double Jeopardy! Round:

Jim Genevieve Jordan
$2,500 $6,400 $4,000

Final Jeopardy! Round responses

PRESIDENTIAL PETS
JimWhat is Veto
$2,000
JordanWhat Union?
$3,000
GenevieveWhat is Veto?
$1,601
Veto

Final scores:

Jim Genevieve Jordan
$4,500 $8,001 $1,000
2nd place: $2,500 if eliminated Automatic semifinalist 3rd place: $2,500 if eliminated

Game dynamics:

Coryat scores:

Jim Genevieve Jordan
$2,500 $7,900 $4,100
10 R,
2 W
18 R
(including 1 DD),
2 W
(including 1 DD)
19 R
(including 1 DD),
4 W

Combined Coryat: $14,500

[game clues] [game scores] [suggest correction]

Game tape date: 2000-09-15
The J! Archive is created by fans, for fans. Scraping, republication, monetization, and malicious use prohibited; this site may use cookies and collect identifying information. See terms. The Jeopardy! game show and all elements thereof, including but not limited to copyright and trademark thereto, are the property of Jeopardy Productions, Inc. and are protected under law. This website is not affiliated with, sponsored by, or operated by Jeopardy Productions, Inc. Join the discussion at JBoard.tv.